00233nam a22000977a 4500008004100000082001500041100000800056245004100064260002200105300000800127230621b xxu||||| |||| 00| 0 eng d a328.1bCPA cCPA aThirteenth Parliamentary Course 1964 aLondonbCPAc1964 a83p